| 000 | 00618nam a2200205 a 4500 | ||
|---|---|---|---|
| 003 | DO-SdBNP | ||
| 005 | 20250306135437.0 | ||
| 007 | ta | ||
| 008 | 211028e2007 dr a|||gr|||| 001 0 spa d | ||
| 040 |
_aDO-SdBNP _bspa _cBNPHU |
||
| 082 | 4 |
_222 _bH551e |
|
| 110 | 2 |
_aHermandad del Corazón de Jesús (República Dominicana) _980382 |
|
| 245 | 1 | 0 |
_aEstatutos: _bhermandad del Corazón de Jesús / |
| 250 | _a3a. ed. | ||
| 260 |
_aSanto Domingo : _bMSC, _c2007 |
||
| 300 |
_a40 p. : _bil.; _c13 cm. |
||
| 590 | _aInventariado 2021 / MF | ||
| 610 | 2 | 4 |
_918289 _aHermandad del Corazón de Jesús _xReglamentos |
| 942 |
_2ddc _cLF2 |
||
| 999 |
_c50826 _d50826 |
||